Beneficios económicos del diseño y uso de sensores de ocupación en el control de iluminación de un edificio comercial

שמור ב:
מידע ביבליוגרפי
מחבר ראשי: Vargas Sánchez, Jorge Mario
פורמט: ספר
יצא לאור: San José, C.R. 1999
נושאים:
תגים: הוספת תג
אין תגיות, היה/י הראשונ/ה לתייג את הרשומה!

MARC

LEADER 00000nam a2200000Ia 4500
003 008467
005 20221231144210.0
008 140114s1999 cr a m 000 0 s d
040 |c cru CEDI 
090 |a TFG 4116 
100 |a Vargas Sánchez, Jorge Mario  |9 8256 
245 |a Beneficios económicos del diseño y uso de sensores de ocupación en el control de iluminación de un edificio comercial 
260 |c 1999  |a San José, C.R. 
300 |a  xiv, 91 hojas : ilustraciones  
500 |a  Proyecto de graduación (bachillerato en ingeniería eléctrica)--Universidad de Costa Rica. Facultad de Ingeniería. Escuela de Ingeniería Eléctrica 
650 |x SENSORES REMOTOS   |x APLICACIONES CIENTIFICAS   |x ALUMBRADO ARQUITECTONICO   |x ELECTRICIDAD  |9 8257 
942 |c TFG 
999 |c 18319  |d 18319